S.E. "Visszaadni a tanároknak a hitet"
Elmentve itt :
| Dokumentumtípus: | Cikk |
|---|---|
| Megjelent: |
1981-03-03
|
| Sorozat: | Délmagyarország
71 No. 52 |
| Online Access: | http://dmarchiv.bibl.u-szeged.hu/90198 |
| LEADER | 00380nab a2200133 i 4500 | ||
|---|---|---|---|
| 001 | delm90198 | ||
| 005 | 20190619132403.0 | ||
| 008 | 190619s1981 hu o 0|| hun d | ||
| 040 | |a SZTE Délmagyarország Archívum |b hun | ||
| 041 | |a hun | ||
| 245 | 0 | 0 | |a S.E. |h [elektronikus dokumentum] : |b "Visszaadni a tanároknak a hitet" |
| 260 | |c 1981-03-03 | ||
| 300 | |a 3 | ||
| 490 | 0 | |a Délmagyarország |v 71 No. 52 | |